000 00891nas a2200301 4500
001 BR0305644
003 BR-BrBNA
005 20231205104203.0
007 ta
008 230509b bl.|||p| |||| 00| 00por d
040 _aBR-BrBNA
_bpor
_cBiblioteca Nacional de Agricultura
041 _a(PT)
072 _aQ04
100 1 _aCastro, A. de A.
100 1 _aBraga, M. E.D.
100 1 _aMata, E.R.M.C.
245 1 _aComportamento reológico do azeite de côco de babaçu em diferentes temperaturas
650 _aBABAÇU
650 _aCÔCO
650 _aAZEITE
650 _aVISCOSIDADE
650 _aPROPRIEDADE REOLÓGICA
650 _aTEMPERATURA
650 _aMÉTODO
773 0 _tRevista Brasileira de Oleaginosas e Fibrosas (Brazil)
_xISSN 1415-6784
_g(Jan-Apr 2002), v. 6(1) p. 457-463
_wBR0305644
909 _a202311
_bLúcia
_c55
_dLúcia Elande
942 _2AGRIS
_n0
_cANA
999 _c176822
_d176822